Le plaisir de tuer (Registro nro. 317304)

Detalles MARC
000 -ENCABEZADO
Número de control [NR] 00691nam a2200205 a 4500
005 - FECHA Y HORA DE LA ÚLTIMA TRANSACCIÓN
control field 20200311123144.0
008 - DE LONGITUD FIJA DE DATOS DE ELEMENTOS - INFORMACIÓN GENERAL
Elementos de longitud fija [NR] 200311s2007 fr |||gr ||| 00| 0 fre d
020 ## - NUMERO INTERNACIONAL NORMALIZADO PARA LIBROS [R]
Número Internacional Normalizado del libro [NR] 9782020552738
040 ## - FUENTE DE CATALOGACION [NR]
Agencia de catalogación original [NR] CO-BoUCM
Idioma de catalogación [NR] spa
Quien Cataloga Deissy Garcia
Quien Clasifica Deissy Garcia
041 0# - CODIGO DE IDIOMA [R]
Código de idioma para texto/pista de sonido o título separado [R] Francés
100 1# - ASIENTO PRINCIPAL--NOMBRE PERSONAL [NR]
Nombre personal [NR] Dubec, Michel
ID Autoridad 100380
245 13 - MENCION DE TITULO [NR]
Título [NR] Le plaisir de tuer
Mención de responsabilidad, etc. [NR] Michel.Dubec, Chantal de Rudder
260 ## - PUBLICACION, DISTRIBUCION, ETC. (PIE DE IMPRENTA) [R]
Fecha de publicación, distribución, etc. [R] 2007
Lugar de publicación, distribución, etc. [R] París
Nombre del editor, distribuidor, etc. [R] Éditions du Seuil
300 ## - DESCRIPCION FISICA [R]
Extensión [R] 224 páginas
650 17 - ASIENTO SECUNDARIO DE MATERIA - TERMINO TEMATICO [R]
Término temático o nombre geográfico como elemento de entrada [NR] Delincuentes
Subdivisión de forma [R] Estudios de caso
Subdivisión geográfica [R] Francia
9 (RLIN) 100382
650 17 - ASIENTO SECUNDARIO DE MATERIA - TERMINO TEMATICO [R]
Término temático o nombre geográfico como elemento de entrada [NR] Psicología criminal
Subdivisión geográfica [R] Francia
9 (RLIN) 100383
700 1# - ASIENTO SECUNDARIO - NOMBRE PERSONAL [R]
9 (RLIN) 100381
Nombre personal [NR] Rudder, Chantal de
942 ## - ELEMENTOS DE ENTRADA AGREGADOS (KOHA)
Tipo de ítem principal el descrito en 300a Libro
Sistema de clasificación DEWEY
Tema principal Sociología
Edición 1
Clasificación 364.3
Parte restante de la signatura top. D814p
Existencias
Signatura topográfica Código de barras Última vez visto Ejemplar Costo de reposición Price effective from Tipo de ítem Nota pública (OPAC) Perdido Sistema de clasificación Dañado No prestable Tipo de ítem específico Suprimido Ubicación habitual Ubicación actual Localización Fecha de creación Proveedor Forma de adquisición Costo
364.3 D814p 100165725 04/12/2025 Ej.1 26000.00 07/02/2020 Libro Spot Criminología e Investigación Criminal   DEWEY     Libro   Claustro Claustro 3er piso 07/02/2020 12 Donación 0.00